000 01926cam a22004454i 4500
003 PE-LiUPU
005 20250731165412.0
008 151029s2012 pe a grm 000 0 spa d
035 _a(Sirsi) a155093
040 _aPE-LiUPU
_bspa
_cPE-LiUPU
_erda
099 _aTNH 2
_bT19 2012
100 1 _aTantarico Facho, Yenny Sandra
_eautor
245 1 _aFactores que influyen en el diagnóstico normal por antropometría, de niños de 0 a 3 años del AAHH Nueva Esperanza, Nuevo Chimbote, año 2011 /
_cYenny Sandra Tantarico Facho.
264 0 _c2012.
300 _a88 hojas :
_bilustraciones;
_c30 cm
336 _atext
_2rdacontent
337 _aunmediated
_2rdamedia
338 _avolume
_2rdacarrier
502 _aTesis
_b(Lic.) --
_cUniversidad Peruana Unión,
_d2012.
504 _aIncluye referencias
520 3 _aEl objetivo de esta investigación fue identificar los factores que influyen en el diagnóstico nutricional normal de los niños y niñas de 0 a 3 años del área de estudio. Se identificó básicamente la influencia d el tres factores: a)Factores de la salud, b)Factores nutricionales, c)Cuidado en la familia. Se aplicó un barrido de peso y talla a los niños de Nueva Esperanza para identificar el diagnóstico nutricional normal, luego se aplicó la encuesta de cuidado en el hogar y la encuesta de salud y nutrición, a las madres con niños menores de 36 meses.
526 _aSEG44
526 _aSEG26
526 _aP151
526 _aP150
526 _aP149
526 _aP146
526 _aP145
526 _aP126
526 _aP125
526 _aP92
526 _aP75
526 _aP74
526 _aP27
526 _aP15
650 0 4 _aAntropometría
_xNiños.
596 _a1
942 _2ddc
_cTESIS
999 _aTNH 2 T19 2012
_wALPHANUM
_c7784
_iT01295
_lCCODEBUL3
_mBUL
_r1
_sY
_tTESIS
_u2015-10-29
_xSALUD
_PP31
_o.STAFF. Tesis
_d7784
980 _81
_gALBERTO SANCHEZ Responsable de Automatización